书目信息 |
| 题名: |
Olympic architecture Beijing 2008
|
|
| 作者: | 何广森 主编 ;李行健 , 李莉 翻译 ;中国建筑学会 , 中国建筑工业出版社 , 北京市建筑设计研究院 总主编 | |
| 分册: | ||
| 出版信息: | 北京 中国建筑工业出版社 2008.02 |
|
| 页数: | xxiv, 314页 | |
| 开本: | 31cm | |
| 丛书名: | ||
| 单 册: | ||
| 中图分类: | TU245.4 | |
| 科图分类: | ||
| 主题词: | ||
| 电子资源: | ||
| ISBN: | 978-7-1121-0050-7 | |
| 000 | 01486nam0 2200301 450 | |
| 001 | 012017000414 | |
| 005 | 20191108154142.22 | |
| 010 | @a978-7-1121-0050-7@b精装@dCNY290.00 | |
| 100 | @a20091030d2008 em y0chiy50 ba | |
| 101 | 1 | @aeng@cchi |
| 102 | @aCN@b110000 | |
| 105 | @aab z 000yy | |
| 200 | 1 | @aOlympic architecture Beijing 2008@fBeijing Institute of Architectural Design (Ed.)@FBeijing Institute of Architectural Design (Ed.) |
| 210 | @a北京@c中国建筑工业出版社@d2008.02 | |
| 215 | @axxiv, 314页@c图 (部分彩图), 地图@d31cm | |
| 312 | @a中文并列题名取自版权页 | |
| 314 | @a版权页题: 总主编中国建筑学会, 中国建筑工业出版社; Translation from Chinese into English: Guangsen He, Xingjian Li, Li Li; Edited by Guangsen He; 责任者Beijing Institute of Architectural Design (Ed.) 规范名称: 北京市建筑设计研究院; 编目员自译Guangsen He汉译名: 何广森; 编目员自译Xinjian Li汉译名: 李行健; 编目员自译Li Li汉译名: 李莉 | |
| 510 | 1 | @a奥运建筑总览@zeng |
| 601 | 12 | @a夏季奥运会@Axia ji ao yun hui@x体育建筑@x简介@y北京市 |
| 690 | @aTU245.4@v5 | |
| 701 | 0 | @a何广森@Ahe guang sen@4主编 |
| 702 | 0 | @a李行健@Ali xing jian@4翻译 |
| 702 | 0 | @a李莉@Ali li@4翻译 |
| 711 | 02 | @a中国建筑学会@Azhong guo jian zhu xue hui@4总主编 |
| 711 | 02 | @a中国建筑工业出版社@Azhong guo jian zhu gong ye chu ban she@4总主编 |
| 711 | 02 | @a北京市建筑设计研究院@Abei jing shi jian zhu she ji yan jiu yuan@4卷主编 |
| 801 | 0 | @aCN@c20170808 |
| 905 | @a河南城建学院图书馆@b21320897@dTU245.4@eH176@f1 | |
| Olympic architecture Beijing 2008/Beijing Institute of Architectural Design (Ed.).-北京:中国建筑工业出版社,2008.02 |
| xxiv, 314页:图 (部分彩图), 地图;31cm |
| ISBN 978-7-1121-0050-7(精装):CNY290.00 |
| ● |
| 相关链接 |
|
|
|
正题名:Olympic architecture Beijing 2008
索取号:TU245.4/H176
 
预约/预借
| 序号 | 登录号 | 条形码 | 馆藏地/架位号 | 状态 | 备注 |
| 1 | 1307429 | 213074297 | 建筑库101/101建筑库 105排1列3层/ [索取号:TU245.4/H176] | 在馆 | |
| 2 | 1307430 | 213074304 | 建筑库101/101建筑库 105排1列3层/ [索取号:TU245.4/H176] | 在馆 | |
| 3 | 1307431 | 213074313 | 建筑库101/101建筑库 105排1列3层/ [索取号:TU245.4/H176] | 在馆 | |
| 4 | 1320897 | 213208973 | 建筑库101/101建筑库 105排1列3层/ [索取号:TU245.4/H176] | 在馆 |